Vista normal Vista MARC

Entrada Personal Name

Número de registros utilizados en: 1

001 - CONTROL NUMBER

  • control field: 655

003 - CONTROL NUMBER IDENTIFIER

  • control field: AR-EsCIE

005 - DATE AND TIME OF LATEST TRANSACTION

  • control field: 20250513110452.0

008 - FIXED-LENGTH DATA ELEMENTS

  • fixed length control field: 250513|| aca||aabn | a|a d

040 ## - CATALOGING SOURCE

  • Original cataloging agency: AR-EsCIE

100 1# - HEADING--PERSONAL NAME

  • Personal name: Capitanich, Agustín

670 ## - SOURCE DATA FOUND

  • Source citation: Caracterización y uso de biocombustibles elaborados con fines domésticos a partir de residuos forestales de Pinus ponderosa en Bariloche, Argentina. Ciencia e investigación forestal v28 nº3 p. 33-50